000 01132cam a22003257a 4500
003 CHAP
005 20220329140021.0
008 971013s1979 r 00010 d
010 _a45626
011 _a46598
035 _a50739
040 _cCHAP
090 _aFolleto 360
110 _aUACH. Departamento de Trabajos de Campo Universitarios
_9115896
245 1 3 _aLa tierra es nuestra... la lucha es de todos
260 _aChapingo, Méx. :
_bDepartamento de Trabajos de Campo Universitarios,
_c1979A
300 _a10 p.
_b: ilus.
490 0 _aCuadernos campesinos
_v; 1
590 _aBATCH-UPD
_b10
_c20130110
_lUCH01
_h1728
590 _aCONVERSION
_b10
_c20130109
_lUCH01
_h1325
650 1 4 _aTierras comunales.
_9113271
650 1 4 _aTierras
_xTenencia.
_9113130
830 0 _aCuadernos campesinos
_v; 1
_929733
901 _aBK
942 _cFOLL
949 _aFolleto 360
_bBC
_cFOLL
_d-113921
_eTS1
_i50739
_mD
_si
949 _aFolleto 360
_bBC
_cFOLL
_d-113923
_eTS2
_fc.2
_i50739
_mD
_si
949 _aFolleto 360
_bBC
_cFOLL
_d-113925
_eTS2
_fc.3
_i50739
_mD
_si
949 _aFolleto 360
_bBC
_cUACH
_d-113926
_eUACH
_fc.4
_i50739
_mD
_si
999 _c45626
_d45626